000 00253nam a22001217a 4500
008 170502b xxu||||| |||| 00| 0 eng d
041 _aeng
080 _a34
100 _a14
101 _aSHJ
245 _aPROOF OF FACTS
_cFINAN, W.J
942 _2udc
_cBK
999 _c12414
_d12414